000 00990nas a2200313 4500
001 BR8401729
003 BR-BrBNA
005 20231205085851.0
007 ta
008 230509b bl.|||p| |||| 00| 00por d
040 _aBR-BrBNA
_bpor
_cBiblioteca Nacional de Agricultura
041 _a(Pt)
072 _aF00
100 1 _aPinho, J.L.N. de
100 1 _aTavora, F.J.A.F.
100 1 _aMelo, F.I.O.
100 1 _aQueiroz, G.M. de
245 1 _aConservacao de maniva-semente de mandioca no Ceara [Manihot esculenta, Brasil]
_bParte de tese
246 1 _aConservation of cassava stem cuttings in Ceara [Manihot esculenta, Brazil]
_b[Part of thesis]
650 _aMANDIOCA
650 _aSEMENTE
650 _aMANIVA
650 _aARMAZENAMENTO
650 _aBROTACAO
650 _aTESTE DE VIGOR
773 0 _tRevista Brasileira de Mandioca (Brazil)
_xISSN 0101-563X
_g(1983), v. 2(2) p. 1-11
_wBR8401729
909 _a202311
_bLúcia
_c55
_dLúcia Elande
942 _2AGRIS
_n0
_cANA
999 _c114391
_d114391